00398nam a2200121Ia 4500008004100000024001800041082001900059100005900078245005300137260002600190600002700216650003300243260210s9999 xx 000 0 und d aNot available a629.895072 SYE aSyed Ali Raza, Faisal Soomro & Mohd Waseem Zeeshan 0aUniversal Controller for Industrial Applications aKarachi:bUITU,c1995 aElectronic Engineering aBachelor of Engineering (BE)